奶奶 / (Record no. 38931)
[ view plain ]
| 000 -LEADER | |
|---|---|
| fixed length control field | 00899cam a2200301 i 4500 |
| 001 - CONTROL NUMBER | |
| control field | .b13495641 |
| 008 - FIXED-LENGTH DATA ELEMENTS--GENERAL INFORMATION | |
| fixed length control field | 031013s2003 ch a e 000 f chi d |
| 015 ## - NATIONAL BIBLIOGRAPHY NUMBER | |
| National bibliography number | 92018111 |
| Source | tnb |
| 020 ## - INTERNATIONAL STANDARD BOOK NUMBER | |
| International Standard Book Number | 9577272061 (精裝) : |
| Terms of availability | NT180 |
| 040 ## - CATALOGING SOURCE | |
| Original cataloging agency | TWWZU |
| Language of cataloging | chi |
| Modifying agency | TWWZU |
| 041 1# - LANGUAGE CODE | |
| Language code of text/sound track or separate title | chi |
| Language code of original and/or intermediate translations of text | ger |
| 042 ## - AUTHENTICATION CODE | |
| Authentication code | nbic |
| 050 ## - LIBRARY OF CONGRESS CALL NUMBER | |
| Classification number | PZ7.H1195 |
| 066 ## - CHARACTER SETS PRESENT | |
| Primary G0 character set | $1 |
| 100 1# - MAIN ENTRY--PERSONAL NAME | |
| Personal name | 赫爾德林, |
| Titles and other words associated with a name | (Härtling, Peter, 1933- ) |
| 240 10 - UNIFORM TITLE | |
| Uniform title | Oma. |
| Language of a work | Chinese. |
| 245 10 - TITLE STATEMENT | |
| Title | 奶奶 / |
| Statement of responsibility, etc | 彼得.赫爾德林著 ; 徐潔譯 |
| 250 ## - EDITION STATEMENT | |
| Edition statement | 初版 |
| 260 ## - PUBLICATION, DISTRIBUTION, ETC. (IMPRINT) | |
| Place of publication, distribution, etc | 臺北市 : |
| Name of publisher, distributor, etc | 基督教宇宙光全人關懷機構出版 ; |
| Place of publication, distribution, etc | 臺北縣永和市 : |
| Name of publisher, distributor, etc | 貿騰發賣經銷, |
| Date of publication, distribution, etc | 2003 |
| 300 ## - PHYSICAL DESCRIPTION | |
| Extent | 174面 : |
| Other physical details | 圖 ; |
| Dimensions | 20公分 |
| 490 1# - SERIES STATEMENT | |
| Series statement | 暖小說 ; |
| Volume number/sequential designation | 2. |
| 500 ## - GENERAL NOTE | |
| General note | 譯自:Oma. |
| 650 #7 - SUBJECT ADDED ENTRY--TOPICAL TERM | |
| Topical term or geographic name as entry element | 兒童文學 |
| Geographic subdivision | 德國. |
| Source of heading or term | csht. |
| 700 1# - ADDED ENTRY--PERSONAL NAME | |
| Personal name | 徐, 潔 |
| 700 1# - ADDED ENTRY--PERSONAL NAME | |
| Personal name | Härtling, Peter, |
| Dates associated with a name | 1933- |
| 830 #0 - SERIES ADDED ENTRY--UNIFORM TITLE | |
| Uniform title | 暖小說 ; |
| Volume number/sequential designation | 2. |
| 942 ## - ADDED ENTRY ELEMENTS (KOHA) | |
| Source of classification or shelving scheme | Library of Congress Classification |
| Item type | Books |
| Withdrawn status | Lost status | Source of classification or shelving scheme | Damaged status | Not for loan | Home library | Current library | Shelving location | Date acquired | Accession number | Total Checkouts | Full call number | Barcode | Date last seen | Price effective from | Koha item type |
|---|---|---|---|---|---|---|---|---|---|---|---|---|---|---|---|
| Library of Congress Classification | BSOP Library | BSOP Library | Chinese Books (General Circulation) | 07/02/2015 | C-13990 | CH PZ 7.H1195 H25 | 00046393 | 07/02/2015 | 07/02/2015 | Books |
